Life and work of Jai Prakash Narayan / (Record no. 102873)

MARC details
000 -LEADER
fixed length control field 00584nam a22001937a 4500
005 - DATE AND TIME OF LATEST TRANSACTION
control field 20181212154736.0
010 ## - LCCN (DPL NO)
LC control number ENG-115853
020 ## - INTERNATIONAL STANDARD BOOK NUMBER
International Standard Book Number 9788126164516
Terms of availability 1800.00
035 ## - SYSTEM CONTROL NUMBER
System control number EN-99385
037 ## - SOURCE OF ACQUISITION
Source of stock number/acquisition DBAD/PUB
082 ## - DEWEY DECIMAL CLASSIFICATION NUMBER
Classification number 921
100 ## - MAIN ENTRY--PERSONAL NAME
Dates associated with a name Singh R.A
245 ## - TITLE STATEMENT
Title Life and work of Jai Prakash Narayan /
Statement of responsibility, etc by R.A. Singh
260 ## - PUBLICATION, DISTRIBUTION, ETC. (IMPRINT)
Place of publication, distribution, etc New Delhi
Name of publisher, distributor, etc Anmol Publications
Date of publication, distribution, etc 2015
270 ## - ADDRESS
Address 4360/4,Ansari Road,Daryaganj
City New Delhi
Postal code 110002
300 ## - PHYSICAL DESCRIPTION
Extent vii,270p.
Dimensions 23cm(Hb)
500 ## - GENERAL NOTE
General note Includes bibliographical references index
942 ## - ADDED ENTRY ELEMENTS (KOHA)
Source of classification or shelving scheme Dewey Decimal Classification
Item type English Books
Classification part 921
Call number suffix JAI
Holdings
Withdrawn status Lost status Not for loan Collection code Home library Current library Date acquired Source of acquisition Cost, normal purchase price Full call number Barcode Copy number Cost, replacement price Koha item type
    Not For Loan Non-fiction D.B.Act.Division Bawana 26/08/2016 DBAD/PUB 1800.00 921 SIN EN-99385 1 1800.00 English Books

© Delhi Public Library
Hit Counter
free hit counter